000 00337nam a22001457a 4500
005 20240130121912.0
008 240130b |||||||| |||| 00| 0 eng d
020 _a81-7224-863-6
041 _aeng
100 _aTIMPE, A. DALE
_91998
245 _aCREATIVITY
260 _aMUMBAI
_bJAICO PUBLISHING HOUSE
300 _a383;P
942 _cBK
999 _c8506
_d8504